[Event "Sautron op 15th"]
[Site "Sautron"]
[Date "2015.10.23"]
[Round "5.15"]
[White "Letertre, Arnaud"]
[Black "Metaireau, Patrice"]
[Result "1-0"]
[WhiteElo "1919"]
[BlackElo "1483"]
[PlyCount "57"]
[EventDate "2015.10.24"]
[EventType "swiss"]
[EventRounds "9"]
[EventCountry "FRA"]
[SourceTitle "EXT 2019"]
[Source "ChessBase"]
[SourceDate "2018.10.10"]
[SourceVersion "1"]
[SourceVersionDate "2018.10.10"]
[SourceQuality "1"]

1. d4 Nf6 2. Nf3 g6 3. c4 c5 4. e3 Bg7 5. Nc3 cxd4 6. exd4 d6 7. Bd3 0-0 8. 0-0 Bg4 9. Be3 Na6 10. Be2 Nc7 11. Qb3 b6 12. h3 Bd7 13. Rfd1 Bc6 14. d5 Bd7 15. Nd4 Na6 16. Rac1 Nc5 17. Qc2 Kh8 18. b4 Nb7 19. Bf3 Qc8 20. Nc6 Re8 21. Nb5 a6 22. Nc3 Bxc6 23. dxc6 Nd8 24. c7 Nb7 25. Bxb6 Nd7 26. c5 Nxb6 27. cxb6 a5 28. Nb5 axb4 29. Na7 1-0

[Event "Sautron op 13th"]
[Site "Sautron"]
[Date "2013.10.??"]
[Round "2"]
[White "Equey, Daniel"]
[Black "Letertre, Arnaud"]
[Result "0-1"]
[WhiteElo "1609"]
[BlackElo "1864"]
[PlyCount "58"]
[EventDate "2013.10.26"]
[EventType "swiss"]
[EventRounds "9"]
[EventCountry "FRA"]
[SourceTitle "EXT 2016"]
[Source "ChessBase"]
[SourceDate "2015.10.08"]
[SourceVersion "1"]
[SourceVersionDate "2015.10.08"]
[SourceQuality "1"]

1. d4 d5 2. c4 e6 3. Nc3 Nf6 4. Bg5 Be7 5. e3 0-0 6. Nf3 Nbd7 7. Rc1 b6 8. a3 h6 9. Bh4 Bb7 10. Bd3 c5 11. cxd5 exd5 12. 0-0 Re8 13. dxc5 bxc5 14. Bf5 Nf8 15. Ne5 Qb6 16. Na4 Qb5 17. Qc2 Bc8 18. Bd3 c4 19. Be2 Ba6 20. Nc3 Qb6 21. Bf3 Rad8 22. Rfd1 Qe6 23. Bxf6 Bxf6 24. Nxf7 Qxf7 25. Bxd5 Ne6 26. Qf5 Bxc3 27. Bxe6 Rxd1+ 28. Rxd1 Qxe6 29. Qxe6+ Rxe6 0-1

[Event "Sautron op 13th"]
[Site "Sautron"]
[Date "2013.10.??"]
[Round "1"]
[White "Letertre, Arnaud"]
[Black "Lefevre, Bernard"]
[Result "1/2-1/2"]
[WhiteElo "1864"]
[BlackElo "1731"]
[PlyCount "47"]
[EventDate "2013.10.26"]
[EventType "swiss"]
[EventRounds "9"]
[EventCountry "FRA"]
[SourceTitle "EXT 2016"]
[Source "ChessBase"]
[SourceDate "2015.10.08"]
[SourceVersion "1"]
[SourceVersionDate "2015.10.08"]
[SourceQuality "1"]

1. d4 d5 2. c4 e6 3. Nf3 Nf6 4. Nc3 Nbd7 5. Bf4 c6 6. e3 Be7 7. h3 0-0 8. Rc1 Re8 9. a3 Nb6 10. Ne5 dxc4 11. Nxc4 Nxc4 12. Bxc4 Nd5 13. Bh2 Qa5 14. 0-0 Nxc3 15. Rxc3 Bf6 16. Bd3 e5 17. b4 Qb6 18. Rc5 exd4 19. exd4 Be6 20. Be5 Bxe5 21. dxe5 Rad8 22. Qc2 h6 23. f4 Bd5 24. Kh1 1/2-1/2

[Event "Angers op 5th"]
[Site "Angers"]
[Date "2010.04.23"]
[Round "1"]
[White "Drochon, Francois"]
[Black "Letertre, Arnaud"]
[Result "1/2-1/2"]
[WhiteElo "1710"]
[BlackElo "1890"]
[PlyCount "73"]
[EventDate "2010.04.23"]
[EventType "swiss"]
[EventRounds "6"]
[EventCountry "FRA"]
[SourceTitle "EXT 2011"]
[Source "ChessBase"]
[SourceDate "2010.11.26"]
[SourceVersion "1"]
[SourceVersionDate "2010.11.26"]
[SourceQuality "1"]

1. c4 Nf6 2. Nc3 c6 3. g3 d5 4. cxd5 cxd5 5. d4 e6 6. Bg2 Be7 7. Nf3 0-0 8. 0-0 Nbd7 9. Bf4 a6 10. Rc1 Nb6 11. Na4 Nxa4 12. Qxa4 Bd7 13. Qb3 Bb5 14. Bc7 Qe8 15. Qe3 Ne4 16. h4 Rc8 17. Ba5 Nd6 18. b3 Nf5 19. Qd2 Ba3 20. Rxc8 Qxc8 21. Rd1 Qb8 22. e3 Rc8 23. Bf1 Bxf1 24. Kxf1 Nd6 25. Qd3 Nb5 26. Qd2 Qd6 27. Qd3 Bb2 28. Qb1 Ba3 29. Qd3 f6 30. Kg2 Rc6 31. Ne1 Bb2 32. Qd2 Bc3 33. Bxc3 Nxc3 34. Rc1 Qc7 35. Nd3 Ne4 36. Rxc6 Qxc6 37. Qb2 1/2-1/2

[Event "Angers op 4th"]
[Site "Angers"]
[Date "2009.04.17"]
[Round "2"]
[White "Henrio, Patrice"]
[Black "Letertre, Arnaud"]
[Result "0-1"]
[WhiteElo "1691"]
[BlackElo "1911"]
[PlyCount "104"]
[EventDate "2009.04.17"]
[EventType "swiss"]
[EventRounds "6"]
[EventCountry "FRA"]
[SourceTitle "CBM 129 Extra"]
[Source "ChessBase"]
[SourceDate "2009.05.05"]
[SourceVersion "2"]
[SourceVersionDate "2009.05.20"]
[SourceQuality "1"]

1. e4 d5 2. exd5 Nf6 3. Nc3 Nxd5 4. Nxd5 Qxd5 5. d4 Nc6 6. Be3 e5 7. c4 Bb4+ 8. Ke2 Qxc4+ 9. Qd3 Nxd4+ 10. Bxd4 Qxd4 11. Qxd4 exd4 12. a3 Bd6 13. Re1 0-0 14. Kd1 Be6 15. Bd3 c5 16. Nf3 Bb3+ 17. Kc1 Rae8 18. Kb1 Bd5 19. Ng5 g6 20. Ne4 Bxe4 21. Bxe4 Re7 22. Bd5 Rfe8 23. Rxe7 Rxe7 24. Bc4 a6 25. a4 Bc7 26. g3 Ba5 27. Kc2 Be1 28. Rf1 a5 29. Kd1 Bb4 30. Kc2 Kf8 31. Kd3 Re5 32. f4 Re3+ 33. Kc2 b6 34. Rf2 Ke7 35. Re2 Rxe2+ 36. Bxe2 Be1 37. g4 Bf2 38. Kd3 f5 39. b3 Be3 40. Kc4 Bxf4 41. gxf5 Bxh2 42. fxg6 hxg6 43. Kd5 Bf4 44. Kc6 Bd2 45. Kxb6 Bb4 46. Kb5 Kf6 47. Kc4 Ke5 48. Kd3 Kf4 49. Bf1 g5 50. Bg2 g4 51. Ke2 Kg3 52. Be4 Kh2 0-1

[Event "Pays de Loire-chT"]
[Site "Cholet"]
[Date "2009.??.??"]
[Round "5"]
[White "Barbot, Pierre"]
[Black "Letertre, Arnaud"]
[Result "1-0"]
[WhiteElo "2050"]
[BlackElo "1911"]
[PlyCount "127"]
[EventDate "2009.06.??"]
[EventType "team-tourn"]
[EventRounds "6"]
[EventCountry "FRA"]
[SourceTitle "EXT 2010"]
[Source "ChessBase"]
[SourceDate "2010.11.25"]
[SourceVersion "1"]
[SourceVersionDate "2010.11.25"]
[SourceQuality "1"]

1. e4 d5 2. exd5 Nf6 3. d4 Nxd5 4. Nf3 Bf5 5. c4 Nb4 6. Na3 e6 7. Be2 Be7 8. 0-0 0-0 9. Be3 Bf6 10. Qb3 a5 11. Rfd1 N8c6 12. Rd2 Qe7 13. Nb5 a4 14. Qd1 Na5 15. a3 Nbc6 16. Qxa4 e5 17. Qd1 exd4 18. Nfxd4 Nxd4 19. Nxd4 Bxd4 20. Bxd4 Rad8 21. b4 Nc6 22. Bc5 Qe5 23. Raa2 Rfe8 24. Bf1 Qf4 25. Be3 Qe4 26. Rxd8 Rxd8 27. Rd2 Rxd2 28. Qxd2 Qe7 29. Bc5 Qe5 30. Qd5 h6 31. b5 Be6 32. Qxe5 Nxe5 33. Bd4 Nxc4 34. a4 Na5 35. Bc3 Nc4 36. a5 Nd6 37. Bb4 Nc8 38. Bd3 Bd7 39. a6 b6 40. Be7 Na7 41. Be4 Nxb5 42. f3 f6 43. Bd5+ Kh7 44. Kf2 c6 45. Be4+ f5 46. Bd3 Na7 47. Bd8 Nc8 48. Bc7 b5 49. Ke3 c5 50. Kf4 c4 51. Bb1 b4 52. Ke5 g6 53. Bb8 Bb5 54. a7 Bc6 55. Kd4 c3 56. Kc4 Nb6+ 57. Kxb4 Nd5+ 58. Kc4 Ba8 59. Kd4 Kg7 60. Be5+ Kf8 61. g4 fxg4 62. fxg4 g5 63. Be4 Nb4 64. Bd6+ 1-0

[Event "Angers op 2nd"]
[Site "Angers"]
[Date "2007.04.14"]
[Round "3.36"]
[White "Letertre, Arnaud"]
[Black "Cheval, Thierry"]
[Result "1-0"]
[WhiteElo "1840"]
[BlackElo "1330"]
[PlyCount "47"]
[EventDate "2007.04.13"]
[EventType "swiss"]
[EventRounds "6"]
[EventCountry "FRA"]
[SourceTitle "CBM 117 Extra"]
[Source "ChessBase"]
[SourceDate "2007.05.09"]
[SourceVersion "1"]
[SourceVersionDate "2007.05.09"]
[SourceQuality "1"]

1. d4 Nf6 2. c4 e6 3. Nc3 d5 4. Bg5 Be7 5. e3 0-0 6. Nf3 Nbd7 7. Be2 a6 8. 0-0 Re8 9. a3 b6 10. cxd5 exd5 11. b4 Bb7 12. Rc1 Rc8 13. Qa4 Ra8 14. Bf4 c6 15. Rc2 b5 16. Qb3 Nh5 17. Be5 f6 18. Bg3 Nxg3 19. fxg3 Qc7 20. e4 Nb6 21. exd5 Kh8 22. dxc6 Bxc6 23. d5 Bb7 24. Nxb5 1-0

[Event "Angers op 2nd"]
[Site "Angers"]
[Date "2007.04.13"]
[Round "2.22"]
[White "Couchet, Renaud"]
[Black "Letertre, Arnaud"]
[Result "1-0"]
[WhiteElo "1600"]
[BlackElo "1840"]
[PlyCount "103"]
[EventDate "2007.04.13"]
[EventType "swiss"]
[EventRounds "6"]
[EventCountry "FRA"]
[SourceTitle "CBM 117 Extra"]
[Source "ChessBase"]
[SourceDate "2007.05.09"]
[SourceVersion "1"]
[SourceVersionDate "2007.05.09"]
[SourceQuality "1"]

1. e4 d5 2. exd5 Nf6 3. Nc3 Nxd5 4. Nxd5 Qxd5 5. d4 Nc6 6. c3 e5 7. Qe2 Be7 8. dxe5 Nxe5 9. Bf4 Bd6 10. Bxe5 Qxe5 11. Qxe5+ Bxe5 12. Nf3 Bf6 13. Bc4 0-0 14. 0-0 c5 15. Rfe1 Bg4 16. Ne5 Bxe5 17. Rxe5 b6 18. Rae1 a6 19. Re7 b5 20. Bd5 Rad8 21. c4 Rd6 22. Rc7 g6 23. h3 Bf5 24. Rxc5 bxc4 25. Bxc4 Rd2 26. Rc7 Rxb2 27. Ree7 Rb1+ 28. Kh2 Rb2 29. Bxf7+ Rxf7 30. Rxf7 Rxa2 31. f3 h5 32. Ra7 Re2 33. Rfb7 Re8 34. Rxa6 Kh8 35. Raa7 Rc8 36. g4 hxg4 37. hxg4 Bd3 38. Kg3 Re8 39. Kh4 Kg8 40. f4 Kh8 41. Kg5 Rc8 42. Kh6 g5 43. Rh7+ Bxh7 44. Rxh7+ Kg8 45. Rg7+ Kh8 46. Rxg5 Rc4 47. f5 Rxg4 48. f6 Rxg5 49. Kxg5 Kh7 50. Kf5 Kg8 51. Ke6 Kf8 52. f7 1-0